<?xml version="1.0" encoding="UTF-8"?>
<collection xmlns="http://www.loc.gov/MARC21/slim">
 <record>
  <leader>     na                 </leader>
  <controlfield tag="001">INLIS000000000022805</controlfield>
  <controlfield tag="005">20250811101303</controlfield>
  <controlfield tag="007">ta</controlfield>
  <controlfield tag="008">250811                e          0 ind  </controlfield>
  <datafield tag="020" ind1=" " ind2=" ">
   <subfield code="a">978-979-769-284-1</subfield>
  </datafield>
  <datafield tag="035" ind1=" " ind2=" ">
   <subfield code="a">0010-0825000087</subfield>
  </datafield>
  <datafield tag="082" ind1=" " ind2=" ">
   <subfield code="a">629.13</subfield>
  </datafield>
  <datafield tag="084" ind1=" " ind2=" ">
   <subfield code="a">629.13 CHO p</subfield>
  </datafield>
  <datafield tag="100" ind1="0" ind2=" ">
   <subfield code="a">Cholid</subfield>
   <subfield code="e">Pengarang</subfield>
  </datafield>
  <datafield tag="245" ind1="1" ind2=" ">
   <subfield code="a">Pengertian dan Istilah Penerbangan Sipil</subfield>
  </datafield>
  <datafield tag="250" ind1=" " ind2=" ">
   <subfield code="a">Cetakan 1</subfield>
  </datafield>
  <datafield tag="264" ind1=" " ind2=" ">
   <subfield code="a">Jakarta :</subfield>
   <subfield code="b">Raja Grafindo Persada,</subfield>
   <subfield code="c">2010</subfield>
  </datafield>
  <datafield tag="300" ind1=" " ind2=" ">
   <subfield code="a">212 Halaman ;</subfield>
   <subfield code="c">23 cm</subfield>
  </datafield>
  <datafield tag="336" ind1=" " ind2=" ">
   <subfield code="2">rdacontent</subfield>
   <subfield code="a">Teks</subfield>
  </datafield>
  <datafield tag="337" ind1=" " ind2=" ">
   <subfield code="2">rdamedia</subfield>
   <subfield code="a">Tanpa Perantara</subfield>
  </datafield>
  <datafield tag="338" ind1=" " ind2=" ">
   <subfield code="2">rdacarrier</subfield>
   <subfield code="a">Lembar</subfield>
  </datafield>
  <datafield tag="520" ind1=" " ind2=" ">
   <subfield code="a">FENERBANGAN SIPIL&#13;
Cholid Sukajaya. Lahir di Serang, Jawa Barat. Dia telah mengabdikan diri selama 32 tahun pada Direktorat Perhubungan Udara. Berlatar belakang pendidikan Diploma Ill di bidang Air Traffic Control dan sejumlah pendidikan teknis di bidang terkait yang ditempuh di luar negeri, seperti Australia, Inggris, Manila, Tokyo, dan Belanda. Di samping itu penulis merupakan alumnus Business English Training di Manchaster UK dengan predikat &quot;With Distinction&quot;. Hal tersebut menjadikannya sebagai tenaga ahli dengan spesialisasi Keselamatan Penerbangan/Air Traffic Management. Jabatannya saat ini adalah sebagai Air Safety Investigator Bidang Air Traffic Management dan Air Navigation.&#13;
Capt. Christian T. Bisara. Menempuh pendidikan formal di Akademi Penerbangan Indonesia di Curug/Tangerang sebagai Penerbang. Kemudian melanjutkan di Fakultas Hukum Universitas Indonesia. Karirnya dimulai sebagai instruktur penerbang di Curug. Kemudian menduduki beberapa jabatan di Direktorat Jenderal Perhubungan Udara antara lain Direktur Keselamatan Penerbangan dan terakhir sebagai Direktur Sertifikasi dan Kelaikan Udara. Sejak November 2009 diangkat sebagai Staff Khusus Menteri Perhubungan RI. Selain itu juga berkarir di PT Garuda Indonesia sebagai Captain Airbus A 300 FFCC, DC-10-30 dan terakhir sebagai Captain Boeing 747-400.&#13;
Ir. Basuki Rahardjo, CES. Pria kelahiran Klaten ini sejak 2004 menjabat sebagai dosen pada Sekolah Tinggi Penerbangan Indonesia. Latar belakang pendidikan Strata-1 di bidang Teknik Sipil (Universitas Gajah Mada) mengantarkannya meniti karier di Departemen Perhubungan RI sejak tahun 1975. Pada 1985 mendapat bea siswa program master Spesialis Teknik Bandar Udara (Bases Aeriennes, ENTPE) di Prancis. Jabatan Karier di Direktorat Jenderal Perhubungan Udara, Departemen Perhubungan dimulai sejak 1995 sebagai kepala Direktorat Angkutan Udara, dilanjutkan sebagai kepala pusat Penelitian dan Pengembangan Perhubungan Udara, dan kemudian menjabat Kepala Direktorat Teknik Bandar Udara.&#13;
Adi Kanrio Dayanun, S.H., M.H., M.M., Drs. Lahir di Banggai Sulawesi Tengah. Karirnya di bidang perhubungan dimulai sejak 1978 di Bandar Udara Bubung Luwuk hingga saat ini menjabat sebagai Kepala Bidang Keamanan dan Ketertiban Bandar Udara Internasional Soekarno-Hatta</subfield>
  </datafield>
  <datafield tag="650" ind1=" " ind2="4">
   <subfield code="a">Istilah Penerbangan</subfield>
  </datafield>
  <datafield tag="990" ind1=" " ind2=" ">
   <subfield code="a">043734</subfield>
  </datafield>
  <datafield tag="990" ind1=" " ind2=" ">
   <subfield code="a">043736</subfield>
  </datafield>
  <datafield tag="990" ind1=" " ind2=" ">
   <subfield code="a">043738</subfield>
  </datafield>
 </record>
</collection>
